| 000 | 01222cam a22003131i 4500 | ||
|---|---|---|---|
| 003 | SA-RiAUC | ||
| 005 | 20241212060020.0 | ||
| 008 | 241211s1999 su g 00010 ara c | ||
| 020 | _a9960205290 | ||
| 040 |
_aSA-AhKFU _bara _cSA-RiAUC _erda |
||
| 041 | 1 |
_aara _hund |
|
| 043 | _aar----- | ||
| 082 | 0 | 4 |
_a915.304 _qSA-RiAUC |
| 090 |
_a915.304 _bر و ن |
||
| 100 | 1 |
_aرونكياير، باركلي، _dتوفي 1915 _eمؤلف. |
|
| 245 | 1 | 0 |
_aعبر الجزيرة العربية على ظهر جمل / _cباركلي رونكياير ؛ ترجمة منصور بن محمد الخريجي. |
| 250 | _aالطبعة الأولى. | ||
| 264 | 1 |
_aالرياض : _bمكتبة العبيكان، _c1999 |
|
| 300 |
_a215 صفحة ؛ _c24 سم |
||
| 336 |
_aنص _btxt _2rdacontent _3كتاب |
||
| 337 |
_aبدون وسيط _bn _2rdamedia |
||
| 338 |
_aمجلد _bnc _2rdacarrier |
||
| 651 | 7 |
_aشبه الجزيرة العربية _xوصف ورحلات _2aucsh |
|
| 651 | 7 |
_aشبه الجزيرة العربية _xتاريخ _2aucsh |
|
| 700 | 1 |
_aالخريجي، منصور محمد صالح، _d1355 هجري- _eمترجم. |
|
| 942 |
_2ddc _cBOOK _n0 |
||
| 949 |
_aSA-JeALM _d241211 _uosman123 _n1 |
||
| 999 |
_c3369 _d3369 |
||